<Die> Anwendung von Mathematik und Datenverarbeitung zur Erhöhung des Niveaus von Leitung und Planung in Kombinaten Wissenschaftliche Konferenz junger Nachwuchswissenschaftler

Salvato in:
Dettagli Bibliografici
Natura: Libro
Lingua:tedesco
Pubblicazione: Berlin Hochschule für Ökonomie "Bruno Leuschner" 1983
Tags: Aggiungi Tag
Nessun Tag, puoi essere il primo ad aggiungerne!!

MARC

LEADER 00000nam a2200000 4500
001 c134610
005 20221207064526.5
041 0 |a ger 
044 |a DE 
245 1 0 |a <Die> Anwendung von Mathematik und Datenverarbeitung zur Erhöhung des Niveaus von Leitung und Planung in Kombinaten  |b Wissenschaftliche Konferenz junger Nachwuchswissenschaftler 
264 1 |a Berlin  |b Hochschule für Ökonomie "Bruno Leuschner"  |c 1983 
300 |a 116 s.